00644nam a2200217 u 450000100100000000500170001000800410002702000190006804100090008704300120009610000170010824500270012526000330015230000250018550000500021065000350026065000360029565000310033165000280036265000360039000006090520200120223916.0130808s2012 sp br 000 0 spa d a9789588787039.0 a"spa as-ck---1 aRamos, Mario10a¡Soy el más fuerte! aBarcelona :bCorimbo,c2012. a[28] p. :bil., col. aTítulo original : "C´est moi le plus fort"14aCuentos infantiles colombianos24aLiteratura infantil colombiana.24aAnimales en la literatura.24aLobos en la literatura.24aLibros ilustrados para niños.